000 00493nam a2200181Ia 4500
999 _c1249
_d1249
003 OSt
005 20200928110801.0
008 190216s9999||||xx |||||||||||||| ||und||
040 _coclc
082 _a582.13
_bRAO/A
100 _aRao, K N
_94816
245 0 _aAngiosperms /
_cK N Rao ; K V Krishnamurthy
250 _a1st Ed.
260 _bViswanathan Pvt.Ltd
_c1976.
_aMadras:
300 _a726p
650 _aBotany
942 _cBK
_2ddc
_h582.13
_iRAO/A
_k582.13
_mRAO/A